00755cam a22002411 4500001001300000003000400013005001700017008004100034010001700075025002000092040001800112043001200130050003200142110004400174245009000218260002200308300001900330350001300349650003800362610006500400650003100465999001700496sa 68020690 DLC20260227112726.0770419s1965 ii b 000 0 eng  asa 68020690  aPL 480:I-E-7319 aDLCcICUdDLC aa-ii---00aZ5075.I4bI47 1965aS471.I32 aIndian Agricultural Research Institute.10aBibliography of IARI publications, 1905 to 1963;bscientific contributions from IARI. aNew Delhic[1965] a204 p.c28 cm. aunpriced 0aAgriculturezIndiaxBibliography.20aIndian Agricultural Research Institute, DelhixBibliography. 0aAgriculturexBibliography. c89560d89560